000 03568cam a22005897a 4500
999 _c575
_d575
001 17693339
003 GZU
005 20200907151735.0
008 130411s2013 enka b 001 0deng d
010 _a 2012314838
015 _aGBB2B5231
_2bnb
016 7 _a016211014
_2Uk
020 _a9781847010711
020 _a1847010717
035 _a(OCoLC)ocn816032179
040 _aBTCTA
_beng
_cBTCTA
_dYDXCP
_dUKMGB
_dBWK
_dYNK
_dCDX
_dNLE
_dOCLCO
_dBWX
_dUIU
_dYOU
_dZCU
_dPIT
_dNYP
_dOCLCA
_dOCLCQ
_dOCLCO
_dOCLCQ
_dOCLCA
_dOCLCF
_dCHVBK
_dDLC
042 _alccopycat
043 _af-rh---
050 0 0 _aDT2979.
_b.RAN 2013
100 1 _aRanger, T. O.
_eauthor
245 1 0 _aWriting revolt :
_ban engagement with African nationalism, 1957-67 /
_cTerence Ranger.
260 _aWoodbridge, Suffolk :
_bJames Currey ;
_aHarare, Zimbabwe :
_bWeaver Press,
_c©2013.
300 _axii, 206 pages :
_billustrations ;
_c21 cm
336 _atext
_btxt
_2rdacontent
337 _aunmediated
_bn
_2rdamedia
338 _avolume
_bnc
_2rdacarrier
500 _aIncludes bibliographical references and index
505 0 _a1. Preface -- 2. 1929-57, a very ordinary boy -- 3. 1957 The University College of Rhodesia & Nyasaland -- 4. 1958 The Southern Rhodesia African National Congress -- 5. 1959 The Central African Emergencies -- 6. 1960 The National Democratic Party -- 7. 1961 Citizens Against the Colour Bar -- 8. 1962 The Zimbabwe African People's Union -- 9. 1963 and afterwards: Deportation, the Nationalist Split, Dar es Salaam and Writing Revolt -- Appendix of names -- Select references -- Terence Ranger bibliography -- Index of names.
520 _aThis memoir of the years between 1957, when he first went to Southern Rhodesia, and 1967 when he published his first book, is both an intimate record of the African awakening which Ranger witnessed during those ten years, and of the process which led him to write Revolt in Southern Rhodesia. Intended as both history and as historiography, Writing Revolt is also about the ways in which politics and history interacted. The men with whom Ranger discussed Zimbabwean history were the leaders of African nationalism; his seminar papers were sent to prisons and into restricted areas. Both they and he were making political as well as intellectual discoveries. The book also includes a brief account of Ranger's life before he went to Africa.
600 1 0 _aRanger, T. O.
600 1 0 _aRanger, T. O.
_vBiography.
600 1 7 _aRanger, T. O.
_q(Terence O.)
_2fast
_0(OCoLC)fst01435416
610 2 0 _aZimbabwe African People's Union.
610 2 7 _aZimbabwe African People's Union.
_2fast
_0(OCoLC)fst00518352
650 0 _aNationalism
_zZimbabwe
_xHistory.
650 7 _aHistoriography.
_2fast
_0(OCoLC)fst00958221
650 7 _aNationalism.
_2fast
_0(OCoLC)fst01033832
650 7 _aPolitical science.
_2fast
_0(OCoLC)fst01069781
650 7 _aNationalismus.
_2gnd
_0(DE-588)4041300-7
650 7 _aGeschichtsschreibung.
_2gnd
_0(DE-588)4020531-9
650 7 _aPolitik.
_2gnd
_0(DE-588)4046514-7
650 7 _aVerwaltung.
_2gnd
_0(DE-588)4063317-2
651 0 _aZimbabwe
_xPolitics and government.
651 0 _aZimbabwe
_xHistoriography.
651 7 _aZimbabwe.
_2fast
_0(OCoLC)fst01209419
651 7 _aSimbabwe.
_2gnd
_0(DE-588)4049850-5
655 7 _aBiography.
_2fast
_0(OCoLC)fst01423686
655 7 _aHistory.
_2fast
_0(OCoLC)fst01411628
906 _a7
_bcbc
_ccopycat
_d2
_encip
_f20
_gy-gencatlg
942 _2lcc
_cBK
_h2979
_iRAN
_kDT